| 000 | 01467cam a2200397 a 4500 | ||
|---|---|---|---|
| 999 |
_c128188 _d128188 |
||
| 001 | 14794679 | ||
| 003 | ARRUPE | ||
| 005 | 20180919123635.0 | ||
| 008 | 070403s2006 enk b 001 0 eng | ||
| 010 | _a 2007296180 | ||
| 015 |
_aGBA655854 _2bnb |
||
| 016 | 7 |
_a013494919 _2Uk |
|
| 020 | _z9780745635180 (hbk.) | ||
| 020 | _z9780745635199 (pbk.) | ||
| 020 | _a0745635180 (hbk.) | ||
| 020 | _a0745635199 (pbk.) | ||
| 035 | _a(OCoLC)ocm70173509 | ||
| 035 | _a(OCoLC)70173509 | ||
| 040 |
_aUKM _cUKM _dC#P _dBAKER _dYDXCP _dIXA _dDLC |
||
| 041 | 1 |
_aeng _hger |
|
| 042 |
_aukscp _alccopycat |
||
| 043 | _an-us--- | ||
| 050 | 0 | 0 |
_aJA71 _b.H2313 2006 |
| 082 | 0 | 4 |
_a909.83 _222 |
| 100 | 1 |
_aHabermas, Jürgen. _942324 |
|
| 240 | 1 | 0 |
_aGespaltene Westen. _lEnglish |
| 245 | 1 | 4 |
_aThe divided West / _cby Jürgen Habermas ; edited and translated by Ciaran Cronin. |
| 260 |
_aCambridge ; _aMalden : _bPolity, _cc2006. |
||
| 300 |
_axxiv, 224 p. ; _c22 cm. |
||
| 504 | _aIncludes bibliographical references (p. 194-210) and index. | ||
| 650 | 0 |
_aPolitical science _xPhilosophy. _942325 |
|
| 651 | 0 |
_aUnited States _xForeign relations _y2001- _942326 |
|
| 700 | 1 |
_aCronin, Ciaran _q(Ciaran P.) _94728 |
|
| 856 | 4 | 1 |
_3Table of contents _uhttp://www.loc.gov/catdir/toc/fy0801/2007296180.html |
| 906 |
_a7 _bcbc _ccopycat _d2 _encip _f20 _gy-gencatlg |
||
| 942 |
_2lcc _cMONOGRAPH |
||